| 000 | 00742cab a22001935a 4500 | ||
|---|---|---|---|
| 001 | L152597 | ||
| 008 | 110331e20110107xxk 000 0 eng d | ||
| 035 | _a(Sirsi) u152597 | ||
| 041 | 0 | _aeng | |
| 100 | 1 | _aHeap, Richard | |
| 245 | 0 | 0 | _a2011's top 10 professional headaches |
| 260 | _c2011 | ||
| 490 | 0 |
_aProperty Week _v77(1) 7 January 2011, 58-59(2) |
|
| 520 | _aLists the 10 key issues property professionals should be thinking about this year: planning, insurance, litigation, the Bribery Act, flood defence investment, valuation, business rates, green tax, public finance, and lease legislation. | ||
| 590 | _aKA | ||
| 651 | 4 |
_aUnited Kingdom _y |
|
| 690 | _aPROPERTY-COMMERCIAL PROPERTY-COMMERCIAL PROPERTY MARKET | ||
| 942 | _n0 | ||
| 999 |
_c83016 _d83016 |
||